Cambio climático /

El ser humano, con ansía por consumir energía, un ansía derivada de un desarrollo cultural procedente de una larga etapa de escasez, está produciendo un cambio en el medio ambiente en el que tiene que desarrollar su vida. La temperatura del planeta está aumentando y esto lleva a un cambio físico de...

Descripció completa

Guardat en:
Dades bibliogràfiques
Autor principal: Ruíz de Elvira, Antonio
Format: Text
Matèries:
Etiquetes: Afegir etiqueta
Sense etiquetes, Sigues el primer a etiquetar aquest registre!

MARC

LEADER 00000 a a2200000 04500
001 13215
003
040
100 |a Ruíz de Elvira, Antonio  
245 |a Cambio climático /  |c Antonio Ruíz de Elvira 
520 |a El ser humano, con ansía por consumir energía, un ansía derivada de un desarrollo cultural procedente de una larga etapa de escasez, está produciendo un cambio en el medio ambiente en el que tiene que desarrollar su vida. La temperatura del planeta está aumentando y esto lleva a un cambio físico de difícil adaptación en un corto espacio de tiempo. En el artículo se plantea que la solución de este problema pasa por una revolución en la cultura dominante que lleve a un disfrute de lo que se tiene en vez de un ansía de acumulación de objetos y experiencias  
650 |a CAMBIOS CLIMATICOS  
650 |a ENERGIA  
650 |a CULTURA  
773 |g número 17 primavera; páginas 87-96  
999 |c 32932  |d 32932